[Event "Wch U14 Girls"]
[Site "Montesilvano"]
[Date "2023.11.18"]
[Round "6"]
[White "Caku, Kler"]
[Black "Huseynova, Lala"]
[Result "0-1"]
[WhiteElo "1740"]
[BlackElo "1867"]
[PlyCount "110"]
[EventDate "2023.11.13"]
[EventType "swiss"]
[EventRounds "11"]
[EventCountry "ITA"]
[SourceTitle "CB48_2023"]
[SourceDate "2023.11.29"]
[SourceVersion "1"]
[SourceVersionDate "2023.11.29"]
[SourceQuality "1"]

1. e4 c5 2. Nf3 d6 3. Bb5+ Bd7 4. Bxd7+ Qxd7 5. d3 Nc6 6. 0-0 Nf6 7. h3 g6 8. Bf4 Bg7 9. Nc3 0-0 10. Re1 Nh5 11. Bh2 f5 12. e5 f4 13. e6 Qc8 14. Rb1 Rf5 15. Nh4 Re5 16. Rxe5 dxe5 17. Nd5 Nf6 18. Qf3 Qd8 19. Nxf6+ Bxf6 20. Qg4 Kh8 21. Nf3 Qd5 22. b3 Nd8 23. Re1 Nxe6 24. c4 Qd6 25. Nd2 Nd4 26. Ne4 Qc6 27. h4 Qc8 28. Qxc8+ Rxc8 29. Nc3 h6 30. Re4 Kg7 31. Kf1 Rd8 32. f3 Nf5 33. Nd5 e6 34. Nxf6 Kxf6 35. Ke1 Rxd3 36. Re2 Nxh4 37. Bg1 b6 38. Rc2 Nf5 39. Ke2 Rd7 40. Rb2 Nd4+ 41. Kf1 h5 42. Rd2 g5 43. Bf2 Kf5 44. Bg1 h4 45. Bf2 a5 46. Rd1 Rh7 47. Rd2 h3 48. gxh3 Rxh3 49. Kg2 Rxf3 50. Rd1 Rc3 51. Rh1 e4 52. Rh8 e3 53. Be1 Rc2+ 54. Kf1 f3 55. a3 Ke5 0-1

[Event "Wch U14 Girls"]
[Site "Montesilvano"]
[Date "2023.11.14"]
[Round "2"]
[White "Field, Lila Quinn"]
[Black "Huseynova, Lala"]
[Result "1/2-1/2"]
[WhiteElo "1616"]
[BlackElo "1867"]
[PlyCount "89"]
[EventDate "2023.11.13"]
[EventType "swiss"]
[EventRounds "11"]
[EventCountry "ITA"]
[SourceTitle "CB48_2023"]
[SourceDate "2023.11.29"]
[SourceVersion "1"]
[SourceVersionDate "2023.11.29"]
[SourceQuality "1"]

1. e4 c5 2. Nf3 d6 3. d4 cxd4 4. Nxd4 Nf6 5. Nc3 a6 6. Be2 e5 7. Nf3 Qc7 8. Bg5 Nbd7 9. a4 b6 10. Nd2 Bb7 11. Bc4 Be7 12. Ba2 0-0 13. 0-0 Nc5 14. Bxf6 Bxf6 15. Bd5 Bg5 16. Nc4 Rad8 17. Qg4 h6 18. h4 Bc8 19. Qg3 Be7 20. Ne3 Be6 21. Nf5 Bxf5 22. exf5 Nd7 23. Rfd1 Nf6 24. Qd3 Qc8 25. g3 a5 26. Be4 Qc5 27. Nd5 Nxd5 28. Qxd5 Qb4 29. Ra2 Rb8 30. c3 Qc5 31. Qb3 Qc7 32. Rd5 Rfc8 33. Bd3 Qd7 34. Ra1 Rd8 35. Re1 Bf6 36. Be4 Be7 37. Red1 Qc7 38. Qb5 Rdc8 39. Bc2 Qc4 40. Qxc4 Rxc4 41. Re1 Rc5 42. Red1 Kf8 43. Rxc5 bxc5 44. b3 Ke8 45. c4 1/2-1/2

[Event "EU-ch U14 Girls 31st"]
[Site "Mamaia"]
[Date "2023.09.12"]
[Round "7"]
[White "Mgeladze, Kesaria"]
[Black "Huseynova, Lala"]
[Result "1-0"]
[WhiteElo "1994"]
[BlackElo "1847"]
[PlyCount "89"]
[EventDate "2023.09.05"]
[EventType "swiss"]
[EventRounds "9"]
[EventCountry "ROU"]
[SourceTitle "EXT 2024"]
[Source "ChessBase"]
[SourceDate "2023.10.10"]
[SourceVersion "1"]
[SourceVersionDate "2023.10.10"]
[SourceQuality "1"]

1. e4 c5 2. Nc3 d6 3. d4 cxd4 4. Qxd4 Nf6 5. b3 Nc6 6. Qd2 e5 7. Bb2 Be6 8. 0-0-0 Be7 9. Kb1 a6 10. f3 Qa5 11. g4 b5 12. Nge2 Rc8 13. Nd5 Bxd5 14. Qxa5 Nxa5 15. exd5 Nb7 16. Ng3 Nc5 17. Nf5 Bf8 18. Bh3 Nfd7 19. Rhe1 g6 20. Nd4 f6 21. f4 h6 22. Re3 Be7 23. Nc6 Bf8 24. Rf1 Bg7 25. Bg2 Rc7 26. fxe5 Nxe5 27. Bxe5 fxe5 28. b4 Nd7 29. Be4 Nf8 30. Ra3 Rf7 31. Rxf7 Kxf7 32. Rxa6 Nh7 33. Ra7+ Kf6 34. Rd7 Bf8 35. h4 h5 36. gxh5 g5 37. Rxh7 Rxh7 38. Bxh7 gxh4 39. Be4 Kg5 40. Na7 Kf4 41. Bh1 e4 42. Nxb5 e3 43. Kc1 Kg3 44. Kd1 Kf2 45. Nc3 1-0

[Event "Belgrade Serbia op"]
[Site "Belgrade"]
[Date "2023.07.19"]
[Round "4"]
[White "Chubakov, Sultan"]
[Black "Huseynova, Lala"]
[Result "1-0"]
[WhiteElo "2205"]
[BlackElo "1711"]
[PlyCount "94"]
[EventDate "2023.07.16"]
[EventType "swiss"]
[EventRounds "9"]
[EventCountry "SRB"]
[SourceTitle "CBM 215 Extra"]
[Source "ChessBase"]
[SourceDate "2023.09.30"]
[SourceVersion "1"]
[SourceVersionDate "2023.09.30"]
[SourceQuality "1"]

1. d4 d5 2. c4 e6 3. Nf3 Nf6 4. g3 Bb4+ 5. Bd2 Be7 6. Bg2 c6 7. Qc2 Nbd7 8. 0-0 b6 9. Bf4 Bb7 10. cxd5 Nxd5 11. Bd2 0-0 12. Nc3 Nb4 13. Qb1 Nf6 14. a3 Nbd5 15. Rd1 Qe8 16. b4 Rc8 17. Ne5 c5 18. Nxd5 Bxd5 19. Bxd5 Nxd5 20. e4 Nf6 21. dxc5 bxc5 22. b5 Nd7 23. Nc4 Nb6 24. Qb3 Nxc4 25. Qxc4 Bf6 26. Rab1 Bd4 27. a4 f5 28. Bc3 Bxc3 29. Qxc3 fxe4 30. Re1 Qf7 31. Rb2 Qf5 32. Qc4 Rfd8 33. Rxe4 Rd1+ 34. Kg2 Qd5 35. Rc2 Rf8 36. Qxd5 exd5 37. Re7 Rc8 38. Rxa7 Rb1 39. Rd7 c4 40. Rxd5 c3 41. Rd3 Rb3 42. b6 Rxb6 43. Rdxc3 Rxc3 44. Rxc3 Kf7 45. a5 Ra6 46. Rc5 Rf6 47. Rb5 g6 1-0

[Event "EU-ch (Women) 23rd"]
[Site "Petrovac"]
[Date "2023.03.28"]
[Round "10"]
[White "Mashchenko, Tamila"]
[Black "Huseynova, Lala"]
[Result "1/2-1/2"]
[WhiteElo "1956"]
[BlackElo "1694"]
[PlyCount "95"]
[EventDate "2023.03.18"]
[EventType "swiss"]
[EventRounds "11"]
[EventCountry "MNE"]
[SourceTitle "CBM 213 Extra"]
[Source "ChessBase"]
[SourceDate "2023.05.31"]
[SourceVersion "1"]
[SourceVersionDate "2023.05.31"]
[SourceQuality "1"]

1. c4 c5 2. Nc3 g6 3. g3 Bg7 4. Bg2 Nc6 5. e4 a6 6. Nge2 b5 7. cxb5 axb5 8. Nxb5 Ba6 9. Nbc3 Nb4 10. 0-0 Bd3 11. Nf4 Bxf1 12. Bxf1 e6 13. a3 Ne7 14. Rb1 Nbc6 15. b4 cxb4 16. axb4 0-0 17. b5 Nd4 18. Bb2 Nc8 19. Bg2 Ra7 20. Nd3 Nb6 21. e5 d6 22. exd6 Qxd6 23. Ne4 Qe7 24. Bc3 Nd5 25. Nec5 Qd6 26. b6 Nxb6 27. Ne4 Qc7 28. Bb4 Rd8 29. Bc5 Ra6 30. Nb4 Ra5 31. Bxd4 Bxd4 32. Nc6 Rad5 33. Nxd8 Rxd8 34. Rc1 Qe5 35. Qb3 Nd5 36. Rf1 h6 37. d3 f5 38. Nd2 Rb8 39. Qc4 Ba7 40. Nf3 Qf6 41. Re1 g5 42. Qc6 Nb4 43. Qd7 Qf7 44. Qd6 Rb6 45. Qd8+ Qf8 46. Qd7 Qf7 47. Qd8+ Qf8 48. Qd7 1/2-1/2

[Event "EU-ch (Women) 23rd"]
[Site "Petrovac"]
[Date "2023.03.25"]
[Round "7"]
[White "Makropoulou, Marina"]
[Black "Huseynova, Lala"]
[Result "1-0"]
[WhiteElo "2102"]
[BlackElo "1694"]
[PlyCount "55"]
[EventDate "2023.03.18"]
[EventType "swiss"]
[EventRounds "11"]
[EventCountry "MNE"]
[SourceTitle "CBM 213 Extra"]
[Source "ChessBase"]
[SourceDate "2023.05.31"]
[SourceVersion "1"]
[SourceVersionDate "2023.05.31"]
[SourceQuality "1"]

1. e4 c5 2. Nf3 d6 3. d4 cxd4 4. Nxd4 Nf6 5. Nc3 a6 6. a4 e5 7. Nf3 Be6 8. Ng5 Qc7 9. Nxe6 fxe6 10. Qd3 Nc6 11. Qh3 Nd4 12. Bd3 Be7 13. Be3 Qb6 14. 0-0 Nd7 15. Ne2 Nf8 16. Kh1 Bf6 17. c3 Qb3 18. Ra3 Qxb2 19. Bc1 Qb6 20. cxd4 exd4 21. Nf4 Rc8 22. Nxe6 Rc3 23. Nf4 Qc5 24. Rxc3 dxc3 25. Be3 Qc6 26. Nd5 Qxa4 27. Qc8+ Kf7 28. Qxb7+ 1-0

[Event "EU-ch (Women) 23rd"]
[Site "Petrovac"]
[Date "2023.03.21"]
[Round "4"]
[White "Silva, Mariana Sofia Teixe"]
[Black "Huseynova, Lala"]
[Result "0-1"]
[WhiteElo "1920"]
[BlackElo "1694"]
[PlyCount "102"]
[EventDate "2023.03.18"]
[EventType "swiss"]
[EventRounds "11"]
[EventCountry "MNE"]
[SourceTitle "CBM 213 Extra"]
[Source "ChessBase"]
[SourceDate "2023.05.31"]
[SourceVersion "1"]
[SourceVersionDate "2023.05.31"]
[SourceQuality "1"]

1. d4 d5 2. c4 e6 3. Nf3 Nf6 4. g3 Bb4+ 5. Bd2 Be7 6. Bg2 c6 7. 0-0 b6 8. Qc2 Bb7 9. cxd5 cxd5 10. Ne5 0-0 11. Rc1 Bd6 12. Bf4 Nh5 13. Be3 Qe7 14. Qa4 Nf6 15. Nd2 Rd8 16. Ndf3 Nfd7 17. Nd3 Na6 18. Bf4 f6 19. a3 e5 20. dxe5 fxe5 21. Bg5 Nf6 22. Nh4 e4 23. Nf5 Qf7 24. Nf4 Nc5 25. Qd1 Be5 26. Rab1 a5 27. b4 axb4 28. axb4 Na4 29. Nd4 h6 30. Bxf6 Qxf6 31. e3 Bxd4 32. exd4 g5 33. Nh5 Qf7 34. b5 Rf8 35. Qe2 Rac8 36. Bh3 Nc3 37. Rxc3 Rxc3 38. Bg4 Bc8 39. Bxc8 Rfxc8 40. Rb2 Rf3 41. g4 Qe6 42. h3 Rcf8 43. Kg2 e3 44. Qxf3 Rxf3 45. Kxf3 Qe4+ 46. Kg3 Qxd4 47. Ra2 Qe5+ 48. Kg2 e2 49. Ra8+ Kf7 50. Ra7+ Kf8 51. Ra8+ Ke7 0-1

[Event "Guba op"]
[Site "Guba"]
[Date "2023.02.09"]
[Round "4"]
[White "Hamidov, Allahverdi"]
[Black "Huseynova, Lala"]
[Result "0-1"]
[WhiteElo "1844"]
[BlackElo "1560"]
[PlyCount "88"]
[EventDate "2023.02.07"]
[EventType "swiss"]
[EventRounds "9"]
[EventCountry "AZE"]
[SourceTitle "CBM 212 Extra"]
[Source "ChessBase"]
[SourceDate "2023.03.31"]
[SourceVersion "1"]
[SourceVersionDate "2023.03.31"]
[SourceQuality "1"]

1. d4 d5 2. c4 e6 3. Nc3 Be7 4. Nf3 Nf6 5. Bg5 Nbd7 6. e3 h6 7. Bh4 0-0 8. Rc1 b6 9. cxd5 exd5 10. Qa4 Bb7 11. Ba6 Bxa6 12. Qxa6 c6 13. 0-0 Qc8 14. Qd3 Qb7 15. Qf5 Rfe8 16. Rc2 Bd6 17. Rfc1 Rac8 18. Bg3 Bxg3 19. hxg3 a5 20. g4 Ne4 21. g3 Nxc3 22. Rxc3 g6 23. Qc2 c5 24. Kg2 c4 25. Rh1 b5 26. Qd2 Nf6 27. e4 Nxg4 28. e5 h5 29. Nh4 b4 30. Rf3 c3 31. bxc3 bxc3 32. Qf4 Qd7 33. Qc1 Rc6 34. Nf5 gxf5 35. Rxh5 Kg7 36. Rhxf5 c2 37. Qf4 Nh6 38. Rg5+ Rg6 39. Qf6+ Kh7 40. Rxg6 fxg6 41. Rc3 Re6 42. Qf8 Rc6 43. e6 Qxe6 44. Rb3 c1Q 0-1

[Event "Wch U12 Girls"]
[Site "Batumi"]
[Date "2022.09.27"]
[Round "11"]
[White "Ashotia, Barbare"]
[Black "Huseynova, Lala"]
[Result "0-1"]
[WhiteElo "1242"]
[BlackElo "1702"]
[PlyCount "84"]
[EventDate "2022.09.16"]
[EventType "swiss"]
[EventRounds "11"]
[EventCountry "GEO"]
[SourceTitle "EXT 2023"]
[Source "ChessBase"]
[SourceDate "2022.10.05"]
[SourceVersion "1"]
[SourceVersionDate "2022.10.05"]
[SourceQuality "1"]

1. e4 c5 2. Nf3 d6 3. Bb5+ Bd7 4. Bxd7+ Qxd7 5. c4 Nc6 6. Nc3 g6 7. d4 cxd4 8. Nxd4 Bg7 9. Be3 Nf6 10. 0-0 0-0 11. f3 Rac8 12. b3 Rfd8 13. Rc1 e6 14. Nce2 d5 15. cxd5 exd5 16. Nxc6 bxc6 17. e5 Ne8 18. f4 Nc7 19. Bxa7 Ra8 20. Bb6 Rxa2 21. Nd4 Rda8 22. Nxc6 Ne6 23. Nd4 Qb7 24. Bc5 Rb2 25. Rc2 Rxc2 26. Qxc2 Rc8 27. Nxe6 fxe6 28. Qc3 Qb5 29. b4 Bf8 30. Rc1 Qa4 31. Qe3 Bxc5 32. Rxc5 Ra8 33. Qe1 Rb8 34. f5 gxf5 35. Qc1 Rf8 36. Rc7 f4 37. Qb1 Rf5 38. g4 fxg3 39. hxg3 Qa3 40. Kg2 Qf3+ 41. Kg1 Qf2+ 42. Kh1 Rh5# 0-1

[Event "EU-ch Schools U11 Girls"]
[Site "Tornelo INT"]
[Date "2021.12.10"]
[Round "1"]
[White "Biro, Beata"]
[Black "Huseynova, Lala"]
[Result "0-1"]
[WhiteElo "1428"]
[BlackElo "1574"]
[PlyCount "126"]
[EventDate "2021.12.03"]
[EventType "swiss (rapid)"]
[EventRounds "7"]
[EventCountry "NET"]
[SourceTitle "EXT 2023"]
[Source "ChessBase"]
[SourceDate "2022.10.05"]
[SourceVersion "1"]
[SourceVersionDate "2022.10.05"]
[SourceQuality "1"]

1. e4 c5 2. Nc3 d6 3. f4 g6 4. Nf3 Bg7 5. g3 b6 6. Bg2 Bb7 7. d3 Nd7 8. 0-0 e6 9. Bd2 Ne7 10. Qe1 0-0 11. g4 d5 12. e5 a6 13. Qg3 Qc7 14. Qh4 Rae8 15. Ng5 h6 16. Nf3 b5 17. Rae1 b4 18. Ne2 a5 19. c3 Ba6 20. cxb4 axb4 21. d4 Bd3 22. Rf2 Nc6 23. dxc5 Nxc5 24. Nfd4 Bxe2 25. Nxe2 Nd3 26. Rff1 Nxe1 27. Rxe1 Qe7 28. Qg3 Ra8 29. Rc1 Rfc8 30. Qb3 Na5 31. Rxc8+ Rxc8 32. Qxb4 Qxb4 33. Bxb4 Nc4 34. Bc3 g5 35. f5 Bxe5 36. Bxe5 Nxe5 37. fxe6 fxe6 38. Nd4 Rc1+ 39. Kf2 Nxg4+ 40. Kg3 Ne3 41. Nxe6 Nxg2 42. Kxg2 Rc2+ 43. Kg3 Rxb2 44. a4 Ra2 45. Nc5 Kf7 46. h4 Kf6 47. hxg5+ Kxg5 48. Kf3 h5 49. Kg3 h4+ 50. Kf3 h3 51. Ne6+ Kf5 52. Nd4+ Ke5 53. Ne2 Rxe2 54. Kxe2 h2 55. a5 h1Q 56. Kd3 Qe4+ 57. Kd2 Qb4+ 58. Kd3 Qxa5 59. Ke3 d4+ 60. Kd3 Qc3+ 61. Ke2 d3+ 62. Kd1 Qc2+ 63. Ke1 Qe2# 0-1

[Event "EU-ch Schools U11 Girls"]
[Site "Tornelo INT"]
[Date "2021.12.04"]
[Round "5"]
[White "Biro, Beata"]
[Black "Huseynova, Lala"]
[Result "0-1"]
[WhiteElo "1428"]
[BlackElo "1574"]
[PlyCount "96"]
[EventDate "2021.12.03"]
[EventType "swiss (rapid)"]
[EventRounds "7"]
[EventCountry "NET"]
[SourceTitle "EXT 2023"]
[Source "ChessBase"]
[SourceDate "2022.10.05"]
[SourceVersion "1"]
[SourceVersionDate "2022.10.05"]
[SourceQuality "1"]

1. e4 c5 2. Nc3 d6 3. f4 e6 4. Nf3 Nf6 5. Bb5+ Bd7 6. Bc4 Bc6 7. d3 a5 8. 0-0 Be7 9. Qe1 0-0 10. Qg3 d5 11. exd5 exd5 12. Bb5 Nbd7 13. Bxc6 bxc6 14. b3 Ne8 15. Bb2 Bf6 16. Rae1 Nd6 17. Ne5 Qc7 18. Qg4 Nb6 19. Rf3 Rae8 20. Ref1 d4 21. Ne4 Nxe4 22. dxe4 Bxe5 23. fxe5 Qxe5 24. Rg3 g6 25. Re1 f5 26. Qe2 fxe4 27. Qa6 Qb8 28. Qxa5 Nd7 29. Qd2 e3 30. Qd3 Qf4 31. Rf3 Qh4 32. Rxf8+ Rxf8 33. Rf1 Rxf1+ 34. Qxf1 Qe4 35. Qc4+ Kg7 36. Qe2 Ne5 37. a4 Nd7 38. a5 Nb8 39. Kf1 Qf5+ 40. Qf3 Qxf3+ 41. gxf3 Na6 42. Ke2 Kf6 43. c4 Ke5 44. h3 Kf4 45. Ba1 d3+ 46. Kxd3 Kxf3 47. Bc3 e2 48. Kd2 Kf2 0-1

[Event "EU-ch Schools U11 Girls"]
[Site "Tornelo INT"]
[Date "2021.12.04"]
[Round "4"]
[White "Merkulova, Viktoria"]
[Black "Huseynova, Lala"]
[Result "1-0"]
[WhiteElo "1668"]
[BlackElo "1574"]
[PlyCount "96"]
[EventDate "2021.12.03"]
[EventType "swiss (rapid)"]
[EventRounds "7"]
[EventCountry "NET"]
[SourceTitle "EXT 2023"]
[Source "ChessBase"]
[SourceDate "2022.10.05"]
[SourceVersion "1"]
[SourceVersionDate "2022.10.05"]
[SourceQuality "1"]

1. e4 c5 2. Nf3 d6 3. d4 cxd4 4. Nxd4 Nf6 5. f3 e5 6. Bb5+ Bd7 7. Bxd7+ Qxd7 8. Nf5 g6 9. Ne3 Nc6 10. Nc3 Bg7 11. Ncd5 Nxd5 12. Nxd5 0-0 13. 0-0 Rad8 14. Qd3 Nd4 15. Be3 Nc6 16. Rad1 b6 17. Qb5 Kh8 18. c3 Nb8 19. a4 h6 20. Nb4 Qc7 21. Nd5 Qd7 22. Qxd7 Rxd7 23. Nb4 Rfd8 24. Rd3 Rc8 25. Rfd1 Bf8 26. f4 f6 27. Nd5 Kg7 28. b3 Nc6 29. Bxb6 axb6 30. Nxb6 Rdc7 31. Nxc8 Rxc8 32. Rd5 exf4 33. a5 Ra8 34. b4 Ne5 35. Ra1 Be7 36. a6 Ra7 37. Rb5 d5 38. exd5 Bd6 39. Rb7+ Rxb7 40. axb7 Kf7 41. Ra6 Bb8 42. Ra8 Nd7 43. c4 Ke7 44. c5 Kd8 45. c6 Kc7 46. cxd7 Kxb7 47. Rxb8+ Kxb8 48. d8Q+ Kb7 1-0

[Event "EU-ch Schools U11 Girls"]
[Site "Tornelo INT"]
[Date "2021.12.03"]
[Round "2"]
[White "Huseynova, Lala"]
[Black "Biro, Beata"]
[Result "1-0"]
[WhiteElo "1574"]
[BlackElo "1428"]
[PlyCount "107"]
[EventDate "2021.12.03"]
[EventType "swiss (rapid)"]
[EventRounds "7"]
[EventCountry "NET"]
[SourceTitle "EXT 2023"]
[Source "ChessBase"]
[SourceDate "2022.10.05"]
[SourceVersion "1"]
[SourceVersionDate "2022.10.05"]
[SourceQuality "1"]

1. e4 c5 2. Nf3 e6 3. d4 cxd4 4. Nxd4 a6 5. Bd3 b5 6. Be3 Bb7 7. Nd2 Qc7 8. 0-0 Nf6 9. Re1 Be7 10. h3 d6 11. Bg5 0-0 12. N2f3 Nbd7 13. Qe2 Rfe8 14. Bh4 Rac8 15. Rac1 Qb8 16. Bg3 h6 17. a3 Nc5 18. e5 dxe5 19. Bxe5 Qa8 20. c3 Red8 21. Bc2 Nd5 22. Bb1 Nd7 23. Be4 Nxe5 24. Nxe5 Bf6 25. Ndf3 Nf4 26. Qc2 Bxe4 27. Rxe4 Nd5 28. Rce1 a5 29. Qb3 Qb7 30. c4 Nc7 31. a4 b4 32. Nd4 Bxe5 33. Nxe6 Nxe6 34. Rxe5 Nc5 35. Qe3 Ne6 36. b3 Qc7 37. f4 Rf8 38. f5 Nc5 39. f6 Qc6 40. fxg7 Kxg7 41. Qd4 Kh7 42. Re7 Nxb3 43. Qd3+ Kh8 44. Qxb3 Rg8 45. Qb2+ Kh7 46. Rxf7+ Kg6 47. Ree7 Qc5+ 48. Kh1 Qd6 49. Rg7+ Rxg7 50. Qxg7+ Kf5 51. Qf7+ Kg5 52. h4+ Kg4 53. Re4+ Kg3 54. Qf3# 1-0

[Event "EU-ch Hybrid U12 Girls"]
[Site "Tornelo INT"]
[Date "2021.10.15"]
[Round "8"]
[White "Lyutsinger, Iren"]
[Black "Huseynova, Lala"]
[Result "1-0"]
[WhiteElo "1622"]
[BlackElo "1475"]
[PlyCount "127"]
[EventDate "2021.10.15"]
[EventType "swiss"]
[EventRounds "9"]
[EventCountry "NET"]
[SourceTitle "EXT 2023"]
[Source "ChessBase"]
[SourceDate "2022.10.05"]
[SourceVersion "1"]
[SourceVersionDate "2022.10.05"]
[SourceQuality "1"]
[WhiteTeam "Russia"]
[BlackTeam "Azerbaijan"]
[WhiteTeamCountry "RUS"]
[BlackTeamCountry "AZE"]

1. e4 c5 2. Nc3 d6 3. g3 Nc6 4. Bg2 g6 5. d3 Bg7 6. f4 e6 7. Nf3 Nge7 8. 0-0 0-0 9. Be3 b6 10. Rb1 Nd4 11. Ne2 Nxf3+ 12. Bxf3 Bb7 13. c3 f5 14. Qd2 Qd7 15. Rbe1 Rae8 16. g4 d5 17. Ng3 Ba6 18. e5 fxg4 19. Bxg4 Bh6 20. Ne2 Nf5 21. Bf2 Bb7 22. d4 cxd4 23. cxd4 Rc8 24. Ng3 Ba6 25. Nxf5 gxf5 26. Be2 Bxe2 27. Rxe2 Kh8 28. Bh4 Rg8+ 29. Kh1 Bf8 30. Bf6+ Bg7 31. Bh4 Bf8 32. Qe3 Rg6 33. Qh3 Be7 34. Bxe7 Qxe7 35. Rg2 Rxg2 36. Qxg2 Qf7 37. Qd2 Qd7 38. Qb4 Qe8 39. Qd6 Rc6 40. Qa3 Rc7 41. Rg1 Qd8 42. Qg3 Qf8 43. Qe3 Qd8 44. Rc1 Rxc1+ 45. Qxc1 Qd7 46. Qc3 Qb5 47. Kg1 Qd7 48. Kf2 Kg8 49. Qg3+ Qg7 50. Qh4 Qf8 51. Qg5+ Kh8 52. Ke3 Qe8 53. Qf6+ Kg8 54. h4 Qc8 55. Kd2 Qe8 56. h5 Qd7 57. h6 a6 58. a3 a5 59. a4 Qf7 60. Qd8+ Qf8 61. Qg5+ Kh8 62. Kd3 Qf7 63. Qd8+ Qg8 64. Qf6+ 1-0